01803nam a22001697a 4500008004100000020002900041050002200070100001800092245007300110260005400183300003500237505126100272650002301533650003401556700001901590700002401609120605t xxu||||| |||| 00| 0 eng d a0130675458 9780130675453 aHF5548.4.M525 P92 aPreston, John aLearn Office XP. /cJohn Preston, Sally Peston and Robert L. Ferrett aUpper Saddle River, NJ : b Prentice Hall,c2003. a2 v. : col. b ill. ;c 28 cm. aContents: Working with with windows and managing files -- Using common elements in office -- Working on the web -- Creating simple document -- Editing a document -- Formattign text -- Formatting a document -- Working with tables -- Using word utilities -- Working with non-text elements -- Working with other documents and the web -- Learning the basics of excel -- Formatting the worksheet -- Using formulas -- Understanding the numbers using a chart -- Intergrating excel with word and the internet -- Becoming proficient with editing cells -- Becoming proficient with formatting cells and worksheets -- Becoming a proficient with printing workbooks and getting help -- Getting started with access -- Creating a customized database -- Modifying the structure of an existing database -- Retrieving information from your database -- Intergrating access with other applications -- Becoming proficient with forms -- Becoming proficient with reports -- Becoming proficient with queries -- Learning the basics of powerpoint -- Working with grahic, audio and video elements -- Sorting and animating slides -- Intergrating powerpoint with office and internet -- Creating tables, charts,and diagrams -- Using presentation tools -- Collaborating on a presentation. aMicrosoft Office.  aBusinessxComputer programs.  aPreston, Sally aFrerrett, Robert L.